| 000 | 00844nam a2200349Ia 4500 | ||
|---|---|---|---|
| 008 | 210210b2011 xxu||||| |||| 00| 0 eng d | ||
| 020 | _a9780199688593 | ||
| 041 | _aeng | ||
| 082 | _a303.61 ROBC | ||
| 100 | _aROBERTS (Adam) | ||
| 245 |
_aCivil resistance and power politics _bExperience of non violent action from Gandhi to the present |
||
| 260 |
_aNew York _bOxford University Press _c2011 |
||
| 300 | _axxv,407 | ||
| 650 | _aviolent | ||
| 650 | _ato | ||
| 650 | _athe | ||
| 650 | _aresistance | ||
| 650 | _apresent | ||
| 650 | _apower | ||
| 650 | _apolitics | ||
| 650 | _aof | ||
| 650 | _anon | ||
| 650 | _aGandhi | ||
| 650 | _afrom | ||
| 650 | _aExperience | ||
| 650 | _aCivil | ||
| 650 | _aand | ||
| 650 | _aaction | ||
| 690 | _aSocial Processes | ||
| 700 | _aASH (Timothy Garton) Ed | ||
| 906 | _a067712 | ||
| 999 |
_c150877 _d150877 |
||